000 00433nam a2200181Ia 4500
003 OSt
005 20260316132808.0
008 250729s2003 xx 000 0 und d
040 _cAL
041 _akan
082 _a373.011 HOLM
100 _aRaghavendra Herle
_9230180
245 _aMoulya shikshana
260 _aUdupi
_bHale vidyarthi Prakashana
_c2003
300 _a144p
650 _aEducation
_9230181
942 _2ddc
_cBED
999 _c238653
_d238653